| 000 | 00413nam a2200145Ia 4500 | ||
|---|---|---|---|
| 008 | 100415s9999 xx 000 0 und d | ||
| 082 |
_b10057 _a574.9(56) |
||
| 100 | _aSultanate | ||
| 245 | _aThe Oman Flora And Fauna Survey 1975 | ||
| 260 |
_aOMAN _c1977 _bSultanate Of Oman |
||
| 365 | _b0 | ||
| 630 | _aThe Oman Flora And Fauna Survey 1975 | ||
| 730 | _aThe Oman Flora And Fauna Survey 1975 | ||
| 942 | _cBOOK | ||
| 999 |
_c592988 _d592985 |
||